000 00676na a2200229 4500
001 15913
003 MIRAKIL
005 20181213154938.0
008 161008b tu 000 0
040 _aMilas
_btur
_cTR-AnCHP
082 _a814.42
_bK91b 1985
090 _a814.42 K91b 1985
100 _aKüçük, Yalçın
245 _aBilim ve edebiyat
_cYalçın Küçük
260 _aAnkara
_bTekin yayınevi
_c1985
300 _a626 s.
_c19 sm.
651 _aTürkiye
_xEğitim
_yKültür devrimi
651 _aTürkiye
_xAydınlar
_yDenemeler
651 _aTürkiye
_xSosyal problemler
_yDenemeler
651 _aTürkiye
_xEdebiyat ve bilim
_yDenemeler
942 _2ddc
_cBKS
999 _c3657
_d3657